Standardizing Minority Languages : Competing Ideologies of Authority and Authenticity in the Global Periphery.

Bibliographic Details
Main Author: Lane, Pia.
Other Authors: Costa, James., De Korne, Haley.
Format: eBook
Language:English
Published: Milton : Taylor & Francis Group, 2017.
Edition:1st ed.
Series:Routledge Critical Studies in Multilingualism Series
Subjects:
Online Access:Click to View
LEADER 02797nam a22004213i 4500
001 EBC7245278
003 MiAaPQ
005 20231204023229.0
006 m o d |
007 cr cnu||||||||
008 231204s2017 xx o ||||0 eng d
020 |a 9781317298861  |q (electronic bk.) 
020 |z 9781138125124 
035 |a (MiAaPQ)EBC7245278 
035 |a (Au-PeEL)EBL7245278 
035 |a (OCoLC)1378933594 
040 |a MiAaPQ  |b eng  |e rda  |e pn  |c MiAaPQ  |d MiAaPQ 
082 0 |a 306.446 
100 1 |a Lane, Pia. 
245 1 0 |a Standardizing Minority Languages :  |b Competing Ideologies of Authority and Authenticity in the Global Periphery. 
250 |a 1st ed. 
264 1 |a Milton :  |b Taylor & Francis Group,  |c 2017. 
264 4 |c Ã2017. 
300 |a 1 online resource (258 pages) 
336 |a text  |b txt  |2 rdacontent 
337 |a computer  |b c  |2 rdamedia 
338 |a online resource  |b cr  |2 rdacarrier 
490 1 |a Routledge Critical Studies in Multilingualism Series 
505 0 |a Cover -- Title -- Copyright -- Contents -- Acknowledgements -- 1 Standardising Minority Languages: Reinventing Peripheral Languages in the 21st Century -- 2 Basque Standardization and the New Speaker: Political Praxis and the Shifting Dynamics of Authority and Value -- 3 On the Pros and Cons of Standardizing Scots: Notes From the North of a Small Island -- 4 Legitimating Limburgish: The Reproduction of Heritage -- 5 Negotiating the Standard in Contemporary Galicia -- 6 Language Standardisation as Frozen Mediated Actions: The Materiality of Language Standardisation -- 7 Language Standardization in the Aftermath of the Soviet Language Empire -- 8 Standardization of Inuit Languages in Canada -- 9 "That's Too Much to Learn": Writing, Longevity, and Urgency in the Isthmus Zapotec Speech Community -- 10 Orthography, Standardization, and Register: The Case of Manding -- 11 Beyond Colonial Linguistics: The Dialectic of Control and Resistance in the Standardization of isiXhosa -- 12 Visions and Revisions of Minority Languages: Standardization and Its Dilemmas -- List of Contributors -- Index. 
588 |a Description based on publisher supplied metadata and other sources. 
590 |a Electronic reproduction. Ann Arbor, Michigan : ProQuest Ebook Central, 2023. Available via World Wide Web. Access may be limited to ProQuest Ebook Central affiliated libraries.  
655 4 |a Electronic books. 
700 1 |a Costa, James. 
700 1 |a De Korne, Haley. 
776 0 8 |i Print version:  |a Lane, Pia  |t Standardizing Minority Languages  |d Milton : Taylor & Francis Group,c2017  |z 9781138125124 
797 2 |a ProQuest (Firm) 
830 0 |a Routledge Critical Studies in Multilingualism Series 
856 4 0 |u https://ebookcentral.proquest.com/lib/matrademy/detail.action?docID=7245278  |z Click to View